| 000 -NÁVESTIE |
| fixed length control field |
01245cam a2200361 a 4500 |
| 001 - EVIDENČNÉ ČÍSLO ZÁZNAMU - Kontrolné číslo |
| control field |
vtls008419676 |
| 005 - DÁTUM A ČAS POSLEDNEJ TRANSAKCIE |
| control field |
20220615112717.0 |
| 008 - ÚDAJE S PEVNOU DĹŽKOU – VŠEOBECNÉ INFORMÁCIE |
| fixed length control field |
160610s2005 xo g 000 0 slo |
| 020 ## - MEDZINÁRODNÉ ŠTANDARDNÉ ČÍSLO KNIHY (ISBN) |
| Medzinárodné štandardné číslo knihy (ISBN) |
8080780641 |
| 035 ## - Iný štandardný identifikátor |
| Iný štandardný identifikátor |
E82E7E82-AE16-42CE-875C-2AD02A883AF6 |
| 035 ## - Iný štandardný identifikátor |
| Iný štandardný identifikátor |
urn:nbn:sk:snk-aml2x7 |
| 035 ## - Iný štandardný identifikátor |
| Iný štandardný identifikátor |
urn:nbn:sk:snk-am008li2 |
| 040 ## - ZDROJ KATALOGIZÁCIE |
| Pôvodná katalogizujúca agentúra |
VTHK |
| Jazyk katalogizácie |
slo |
| Prepisujúca agentúra |
VTHK |
| Konvencie popisu |
AACR2 |
| Modifikujúca agentúra |
SNK |
| 041 0# - KÓD JAZYKA |
| Kód jazyka textu/zvukovej stopy alebo samostatných nápisov |
slo |
| 044 ## - KÓD KRAJINY VYDAVATEĽA/PRODUCENTA |
| Kód krajiny MARC |
xo |
| Kód krajiny ISO |
SK |
| 072 #7 - KÓD PREDMETOVEJ KATEGÓRIE |
| Kód predmetovej kategórie |
33 |
| Pododdiel kódu predmetovej kategórie |
Ekonómia |
| Zdroj |
konspekt |
| 080 ## - ČÍSLO MEDZINÁRODNÉHO DESATINNÉHO TRIEDENIA (MDT) |
| Číslo Medzinárodného desatinného triedenia (MDT) |
(072) |
| Identifikátor vydania |
MDT- MRF |
| 080 ## - ČÍSLO MEDZINÁRODNÉHO DESATINNÉHO TRIEDENIA (MDT) |
| Číslo Medzinárodného desatinného triedenia (MDT) |
33 |
| Identifikátor vydania |
MDT-MRF |
| 100 1# - OSOBNÉ MENÁ – VŠEOBECNÉ INFORMÁCIE |
| Osobné meno |
Táncošová, Judita, |
| Dátumy súvisiace s menom |
1951- |
| -- |
3072 |
| 245 10 - NÁZOV |
| Názov |
Ekonómia v novej ekonomike |
| Zvyšok názvu |
metodická pomôcka na semináre |
| Údaj o zodpovednosti atď. |
Judita Táncošová a kolektív |
| 250 ## - ÚDAJ O PORADÍ VYDANIA |
| Údaj o poradí vydania |
1. vyd. |
| 260 ## - VYDAVATEĽSKÉ ÚDAJE, DISTRIBÚCIA ATĎ. |
| Miesto publikovania, distribúcie atď. |
Bratislava |
| Názov vydavateľa, distibútora atď. |
Iura edition |
| Dátum publikovania, distribúcie atď. |
2005 |
| 300 ## - FYZICKÝ POPIS |
| Rozsah |
79 s. |
| Rozmery |
24 cm |
| Sprievodný materiál |
1CD-ROM |
| 490 1# - EDÍCIA |
| Edícia |
Ekonómia |
| Zväzok/sekvenčné označenie |
160. |
| 650 07 - PRIDANÝ VSTUP – PREDMET – TEMATICKÉ HESLO |
| Tematické heslo alebo geografický názov ako vstupný prvok |
ekonómia |
| Zdroj hesla alebo termínu |
SNKPH |
| -- |
3073 |
| 655 #7 - INDEXAČNÝ TERMÍN – ŽÁNER/FORMA |
| Údaje o žánri/forme alebo termín, ktorý je prvok fazety |
metodické príručky |
| Zdroj termínu |
SNKPH |
| -- |
3074 |
| 700 1# - PRIDANÝ VSTUP – OSOBNÉ MENO |
| Osobné meno |
Hontyová, Kajetana, |
| Dátumy súvisiace s menom |
1948- |
| Kód roly |
aut |
| -- |
3075 |
| 700 1# - PRIDANÝ VSTUP – OSOBNÉ MENO |
| Osobné meno |
Martincová, Marta, |
| Dátumy súvisiace s menom |
1955- |
| Kód roly |
aut |
| -- |
3076 |
| 700 1# - PRIDANÝ VSTUP – OSOBNÉ MENO |
| Osobné meno |
Matoušková, Eleonóra, |
| Dátumy súvisiace s menom |
1962- |
| Kód roly |
aut |
| -- |
3077 |
| 700 1# - PRIDANÝ VSTUP – OSOBNÉ MENO |
| Osobné meno |
Muchová, Eva, |
| Dátumy súvisiace s menom |
1961- |
| Kód roly |
aut |
| -- |
3078 |
| 700 1# - PRIDANÝ VSTUP – OSOBNÉ MENO |
| Osobné meno |
Piovarčiová, Veronika, |
| Dátumy súvisiace s menom |
1951- |
| Kód roly |
aut |
| -- |
3079 |
| 850 ## - Držiteľská inštitúcia |
| LOKÁCIA (UMIESTNENIE) |
KIS3G |